000 00802cab a2200253 4500
001 ABS60102
008 090401t1999 xxu||||| |||| 00| 0 eng d
035 _a(Sirsi) u99692
041 _aeng
110 _aWSP
_93709
245 _aGreen Blueprint
260 _c1999
350 _a0
490 _aPremises and Facilities Management
_vFebruary 1999, 22(1)
520 _aWork is soon to begin on new office buildings in Bristol for the DETR. The £35m headquarters could be a model for environmentally responsible office developments.
650 _aBRISTOL
650 _aENERGY SAVING TECHNOLOGY
650 _aENVIRONMENTALLY FRIENDLY
650 _aGOVERNMENT BUILDINGS
650 _aOFFICE BUILDINGS
690 _aBUILDING AND CONSTRUCTION-PROJECTS
942 _n0
948 _c22/02/1999
999 _c59936
_d59936